[Event "Rated Blitz game"]
[Site "?"]
[Date "2021.10.10"]
[Round "?"]
[White "curvadegauss"]
[Black "Soorajmr"]
[Result "1-0"]
[WhiteElo "2359"]
[BlackElo "2453"]
[PlyCount "111"]
[EventDate "2021.??.??"]
[EventType "blitz"]

1. e4 e5 2. Nf3 d5 3. Nxe5 dxe4 4. d4 Nd7 5. Nc4 Ngf6 6. Bg5 Be7 7. Be2 O-O 8.
O-O h6 9. Bh4 Nd5 10. Bxe7 Qxe7 11. Ne3 Nxe3 12. fxe3 Qg5 13. Qd2 Nf6 14. c4
Bg4 15. Nc3 Rad8 16. Rf4 c5 17. d5 Bxe2 18. Nxe2 b5 19. b3 Ng4 20. h3 Ne5 21.
Qc2 bxc4 22. bxc4 Nf3+ 23. Kh1 Nh4 24. Nc3 f5 25. Raf1 Ng6 26. R4f2 Ne5 27. Nb5
a6 28. Nc7 Nd3 29. Rd2 Qg3 30. Ne6 Rd6 31. Nxf8 Kxf8 32. Rxd3 exd3 33. Qxd3 Kg8
34. Rxf5 Rg6 35. Qe2 Kh7 36. Rf3 Qb8 37. e4 Rb6 38. e5 Rb1+ 39. Kh2 Rb2 40.
Qe4+ Kg8 41. Rg3 Rxa2 42. d6 Qe8 43. e6 Rd2 44. Qg4 Qf8 45. e7 Qf7 46. Qxg7+
Qxg7 47. Rxg7+ Kxg7 48. e8=Q Rxd6 49. Qe7+ Kg6 50. Qxd6+ Kg7 51. Kg3 h5 52. Kf4
Kf7 53. Kf5 a5 54. Qd7+ Kg8 55. Kg6 Kf8 56. Qf7# {Normal} 1-0

[Event "Rated Blitz tournament 2IGczbOg"]
[Site "?"]
[Date "2021.10.10"]
[Round "?"]
[White "Ilmenau"]
[Black "geptil"]
[Result "0-1"]
[WhiteElo "2312"]
[BlackElo "2452"]
[PlyCount "186"]
[EventDate "2021.??.??"]
[EventType "blitz"]

1. e4 e5 2. Nf3 d5 3. exd5 e4 4. Qe2 Nf6 5. Nc3 Be7 6. Nxe4 O-O 7. Nxf6+ Bxf6
8. Qd1 Qxd5 9. Be2 c5 10. O-O Nc6 11. d3 b6 12. Nd2 Nd4 13. Ne4 Be5 14. f4
Nxe2+ 15. Qxe2 Bd4+ 16. Kh1 f5 17. c3 fxe4 18. dxe4 Re8 19. exd5 Rxe2 20. cxd4
cxd4 21. f5 Bxf5 22. d6 Be4 23. Rg1 Rf8 24. Bg5 h6 25. Bh4 g5 26. Bg3 Rf7 27.
Rae1 Rxe1 28. Bxe1 Bc6 29. h3 Rf6 30. Bg3 Re6 31. Re1 Rxe1+ 32. Bxe1 Kf7 33.
Kg1 Ke6 34. Bg3 Kf5 35. Kf2 h5 36. h4 g4 37. Bh2 Ke4 38. Ke2 Kd5 39. Bf4 Bb5+
40. Kd2 a5 41. b3 a4 42. g3 a3 43. Kc2 Ke4 44. Kd2 Bd7 45. Ke2 b5 46. Kd2 Bf5
47. Ke2 Bc8 48. Kd2 Bd7 49. Ke2 Bf5 50. Kd2 Kf3 51. Be5 Ke4 52. Bf4 Kd5 53. Ke2
Kc5 54. Kd2 Kb4 55. Be5 Kc5 56. Bf4 Kd5 57. Ke2 b4 58. Kd2 Bc8 59. Ke2 Ba6+ 60.
Kd2 Bb5 61. Kc2 Ke4 62. Kd2 d3 63. Bg5 Kf3 64. Bf4 Kf2 65. d7 Bxd7 66. Kxd3
Bf5+ 67. Kc4 Bb1 68. Kxb4 Bxa2 69. Kxa3 Bb1 70. Kb4 Be4 71. Kc5 Ke2 72. b4 Kd3
73. b5 Bb7 74. b6 Ke4 75. Kd6 Kf3 76. Kc7 Ba6 77. b7 Bxb7 78. Kxb7 Ke4 79. Kc7
Kf5 80. Kd7 Kf6 81. Kd8 Kf7 82. Kc7 Ke6 83. Kb6 Kd5 84. Ka5 Kc6 85. Ka4 Kd5 86.
Ka3 Kc4 87. Kb2 Kd3 88. Kc1 Ke2 89. Kb1 Kd3 90. Ka2 Kc4 91. Ka3 Kb5 92. Ka2 Kc6
93. Kb1 Kd5 {Time forfeit} 0-1

[Event "Rated Blitz game"]
[Site "?"]
[Date "2021.10.10"]
[Round "?"]
[White "Lord_Ba3lish"]
[Black "ALJUNDzKiE76"]
[Result "1-0"]
[WhiteElo "2403"]
[BlackElo "2400"]
[PlyCount "61"]
[EventDate "2021.??.??"]
[EventType "blitz"]

1. e4 e5 2. Nf3 d5 3. Nxe5 dxe4 4. d4 Bd6 5. Nc4 Nc6 6. Nxd6+ Qxd6 7. Be3 f5 8.
g3 Nf6 9. c4 h6 10. Nc3 g5 11. h4 Rg8 12. hxg5 hxg5 13. c5 Qe7 14. Bc4 Be6 15.
d5 O-O-O 16. d6 cxd6 17. Bxe6+ Qxe6 18. Qa4 d5 19. Nb5 a6 20. Nd4 Qd7 21. Nxc6
Qxc6 22. Qxc6+ bxc6 23. Rh6 Rdf8 24. Bd4 Nd7 25. Rxc6+ Kb7 26. Rd6 Nf6 27. Rxf6
Rxf6 28. Bxf6 f4 29. Ke2 Kc6 30. b4 f3+ 31. Ke3 {Time forfeit} 1-0

[Event "Rated Blitz game"]
[Site "?"]
[Date "2021.10.10"]
[Round "?"]
[White "talayedar"]
[Black "Annali-annaliew1979"]
[Result "1-0"]
[WhiteElo "2360"]
[BlackElo "2413"]
[PlyCount "115"]
[EventDate "2021.??.??"]
[EventType "blitz"]

1. e4 e5 2. Nf3 d5 3. d4 dxe4 4. Nxe5 Bd6 5. Bf4 Nf6 6. Nc3 O-O 7. Bc4 Bf5 8.
O-O Nc6 9. Nxc6 bxc6 10. Be5 Re8 11. Bg3 Bg6 12. Re1 Rb8 13. Bb3 a5 14. Na4 Rb4
15. c3 Rb8 16. Nc5 Bxc5 17. dxc5 Qe7 18. Qd4 Rbd8 19. Qa4 Nh5 20. Qxc6 Nxg3 21.
hxg3 Rd2 22. Rad1 Red8 23. Rxd2 Rxd2 24. Qa8+ Rd8 25. Qxa5 h5 26. Qa6 Rd2 27.
Qxg6 Rxb2 28. Rxe4 Qd7 29. Qxf7+ Qxf7 30. Re8+ Kh7 31. Bxf7 Rc2 32. Bxh5 Rxc3
33. Re7 Rxc5 34. Bf7 Rc1+ 35. Kh2 Rc2 36. f3 c5 37. a4 c4 38. a5 Ra2 39. Bxc4
Rxa5 40. Bd3+ Kg8 41. Bg6 Ra8 42. Kh3 Kf8 43. Re6 Rb8 44. g4 Rc8 45. g3 Rb8 46.
f4 Ra8 47. Kh4 Rb8 48. f5 Ra8 49. g5 Rb8 50. Kh5 Ra8 51. Re8+ Rxe8 52. Bxe8
Kxe8 53. Kg6 Kf8 54. Kh7 Kf7 55. g6+ Kf6 56. g4 Kg5 57. Kxg7 Kxg4 58. f6 {
Normal} 1-0

[Event "Rated Blitz game"]
[Site "?"]
[Date "2021.10.10"]
[Round "?"]
[White "khatkevich71"]
[Black "KamranShirazi"]
[Result "0-1"]
[WhiteElo "2477"]
[BlackElo "2608"]
[PlyCount "62"]
[EventDate "2021.??.??"]
[EventType "blitz"]

1. e4 e5 2. Nf3 d5 3. Nxe5 Bd6 4. d4 dxe4 5. Bc4 Bxe5 6. dxe5 Qxd1+ 7. Kxd1
Bg4+ 8. Be2 Bxe2+ 9. Kxe2 Nc6 10. Bf4 Nd4+ 11. Kd2 O-O-O 12. Nc3 Nb3+ 13. Ke3
Nxa1 14. Rxa1 f5 15. g4 Ne7 16. gxf5 Nxf5+ 17. Kxe4 Rhf8 18. Ne2 g6 19. c3 c5
20. Ng3 b6 21. Nxf5 Rxf5 22. Bg3 Kd7 23. a4 Ke6 24. a5 b5 25. a6 Rd2 26. Ra5
Rxb2 27. c4 Rb4 28. Rxb5 Rxb5 29. cxb5 Rf8 30. f4 Rb8 31. h4 Rxb5 {Normal} 0-1

[Event "Rated Blitz game"]
[Site "?"]
[Date "2021.10.10"]
[Round "?"]
[White "Sim_taan_gaaran"]
[Black "KamranShirazi"]
[Result "1-0"]
[WhiteElo "2596"]
[BlackElo "2639"]
[PlyCount "117"]
[EventDate "2021.??.??"]
[EventType "blitz"]

1. e4 e5 2. Nf3 d5 3. Nxe5 Bd6 4. d4 dxe4 5. Nc4 Nc6 6. Nc3 f5 7. g4 Nf6 8. g5
Nd7 9. Qh5+ g6 10. Nxd6+ cxd6 11. Qh6 Qe7 12. Nd5 Qf7 13. Nc7+ Kd8 14. Nxa8
Nxd4 15. Kd1 Ne5 16. Qh3 f4 17. Qc3 Bg4+ 18. Ke1 Nef3+ 19. Kd1 Nxg5+ 20. Ke1
Ndf3+ 21. Ke2 Nd4+ 22. Ke1 Ngf3+ 23. Kd1 Qd5 24. Qc7+ Ke8 25. Qc8+ Bxc8 26.
Nc7+ Kf7 27. Nxd5 Bg4 28. h3 Bh5 29. Nxf4 Rc8 30. c3 Nf5 31. Nxh5 gxh5 32. Bf4
d5 33. Bg2 N3h4 34. Bf1 d4 35. cxd4 Nxd4 36. Rc1 Rd8 37. Bc4+ Kf6 38. Ke1 Ng2+
39. Kf1 Nxf4 40. Rg1 Nf3 41. Rg3 Nd2+ 42. Ke1 h4 43. Rgc3 Nxc4 44. Rxc4 Nd3+
45. Ke2 Nxc1+ 46. Rxc1 Kf5 47. Rc5+ Kf4 48. Rh5 Rc8 49. Rxh4+ Kf5 50. Rxh7 Rc2+
51. Ke3 Rxb2 52. Rh5+ Kg6 53. Ra5 a6 54. Kxe4 Rxf2 55. h4 Rh2 56. Kf3 Rxh4 57.
Ra3 Rb4 58. Rc3 Rb2 59. Re3 {Time forfeit} 1-0

[Event "Rated Blitz game"]
[Site "?"]
[Date "2021.10.10"]
[Round "?"]
[White "nosrati2001"]
[Black "lavilaine"]
[Result "1/2-1/2"]
[WhiteElo "2404"]
[BlackElo "2441"]
[PlyCount "157"]
[EventDate "2021.??.??"]
[EventType "blitz"]

1. e4 e5 2. Nf3 d5 3. exd5 e4 4. Ne5 Qxd5 5. d4 exd3 6. Nxd3 Nf6 7. Nc3 Qa5 8.
Bd2 Nc6 9. a3 Be6 10. b4 Qf5 11. Be2 O-O-O 12. O-O h5 13. Nc5 Bxc5 14. bxc5
Qxc5 15. Qe1 h4 16. h3 Nh5 17. Be3 Nd4 18. Nb5 Nxe2+ 19. Qxe2 Qc4 20. Nxa7+ Kb8
21. Qxc4 Bxc4 22. Rfb1 Rd6 23. Rb4 Bd5 24. Rd1 Rhd8 25. c4 Be4 26. Re1 Ra6 27.
Nb5 c6 28. Ba7+ Ka8 29. Rxe4 cxb5 30. Rxh4 Rxa7 31. Rxh5 bxc4 32. Rxc4 Rxa3 33.
Rf5 f6 34. Rc7 Rg8 35. Rb5 Ra7 36. f4 b6 37. Rc6 Ra4 38. Rbxb6 Rxf4 39. Ra6+
Kb7 40. Rcb6+ Kc7 41. Rb2 Rb8 42. Ra7+ Kc8 43. Rc2+ Kd8 44. Rxg7 Rb1+ 45. Kh2
Rff1 46. Rd2+ Ke8 47. Rdd7 Kf8 48. Kg3 Rh1 49. Rdf7+ Ke8 50. Rxf6 Rb3+ 51. Rf3
Rxf3+ 52. Kxf3 Re1 53. Kg3 Rd1 54. Rg4 Rc1 55. Kh4 Rc2 56. g3 Rc3 57. Rf4 Rc5
58. g4 Rc6 59. Rf5 Rc7 60. Kg5 Rg7+ 61. Kf4 Rh7 62. Re5+ Kf7 63. h4 Kg6 64. Kg3
Kf6 65. h5 Kxe5 66. Kh4 Rf7 67. g5 Rg7 68. g6 Kf5 69. h6 Rxg6 70. h7 Rh6+ 71.
Kg3 Rxh7 72. Kf3 Rg7 73. Kf2 Ke5 74. Ke2 Rg5 75. Kf2 Kf4 76. Ke2 Rg3 77. Kd2
Rh3 78. Ke2 Ke4 79. Kd2 {Time forfeit} 1/2-1/2

[Event "Rated Blitz game"]
[Site "?"]
[Date "2021.10.10"]
[Round "?"]
[White "Jamshid_Shodikulov"]
[Black "pashpawn"]
[Result "0-1"]
[WhiteElo "2381"]
[BlackElo "2408"]
[PlyCount "52"]
[EventDate "2021.??.??"]
[EventType "blitz"]

1. e4 e5 2. Nf3 d5 3. Nxe5 Qe7 4. d4 f6 5. Nd3 dxe4 6. Nf4 Bf5 7. Nd5 Qd7 8.
Ne3 Bg6 9. c4 Nc6 10. d5 Ne5 11. Nc3 f5 12. Be2 Nf6 13. O-O f4 14. Nc2 f3 15.
gxf3 exf3 16. Bxf3 Bd6 17. Bg2 O-O 18. Ne3 Neg4 19. h3 Ne5 20. f4 Nd3 21. f5
Nxc1 22. Rxc1 Bc5 23. Qd3 Rae8 24. Ne4 Nxe4 25. Bxe4 Rxe4 26. Qxe4 Re8 {Normal}
0-1

[Event "Rated Blitz game"]
[Site "?"]
[Date "2021.10.10"]
[Round "?"]
[White "Stalnoi_Danik"]
[Black "RCompany_1"]
[Result "1-0"]
[WhiteElo "2493"]
[BlackElo "2458"]
[PlyCount "49"]
[EventDate "2021.??.??"]
[EventType "blitz"]

1. e4 e5 2. Nf3 d5 3. Qe2 Nf6 4. exd5 e4 5. d3 Qxd5 6. Nc3 Bb4 7. Bd2 Bxc3 8.
Bxc3 O-O 9. dxe4 Nxe4 10. Qd3 Nxc3 11. bxc3 Re8+ 12. Be2 Qxd3 13. cxd3 Bf5 14.
Kd2 c5 15. d4 cxd4 16. Nxd4 Be4 17. Rhe1 Nd7 18. Bb5 Rad8 19. f3 Bd5 20. Rxe8+
Rxe8 21. Bxd7 Rd8 22. Bb5 a6 23. Bd3 b5 24. a4 b4 25. cxb4 {Normal} 1-0

[Event "Rated Blitz game"]
[Site "?"]
[Date "2021.10.10"]
[Round "?"]
[White "HustlinHarper"]
[Black "alaeldin112"]
[Result "0-1"]
[WhiteElo "2424"]
[BlackElo "2390"]
[PlyCount "36"]
[EventDate "2021.??.??"]
[EventType "blitz"]

1. e4 e5 2. Nf3 d5 3. exd5 e4 4. Qe2 Nf6 5. d3 Qxd5 6. Ng5 Be7 7. dxe4 Qd8 8.
Nc3 O-O 9. Bd2 Nc6 10. O-O-O Nd4 11. Qd3 c5 12. e5 Bf5 13. Qg3 Nd5 14. Nge4 Nb4
15. Bd3 Nxd3+ 16. cxd3 Bxe4 17. Nxe4 Ne2+ 18. Kb1 Nxg3 {Normal} 0-1

[Event "Rated Blitz game"]
[Site "?"]
[Date "2021.10.10"]
[Round "?"]
[White "estabamejor"]
[Black "specialprize4u"]
[Result "1-0"]
[WhiteElo "2362"]
[BlackElo "2428"]
[PlyCount "75"]
[EventDate "2021.??.??"]
[EventType "blitz"]

1. e4 e5 2. Nf3 d5 3. Nxe5 Bd6 4. d4 dxe4 5. Bc4 Bxe5 6. Bxf7+ Kxf7 7. Qh5+ g6
8. Qxe5 Qf6 9. Qxc7+ Bd7 10. Qxb7 Ne7 11. Qxa8 Nbc6 12. Qb7 Nxd4 13. O-O Bc6
14. Qb4 Rf8 15. Be3 Ne2+ 16. Kh1 Kg7 17. Nc3 Nxc3 18. Bd4 Ncd5 19. Bxf6+ Rxf6
20. Qxe4 Kf7 21. Rae1 Nf5 22. Rd1 Nde3 23. Qxe3 Nxe3 24. fxe3 Rxf1+ 25. Rxf1+
Ke6 26. Rf4 Bd5 27. c4 Bc6 28. Kg1 a5 29. b3 g5 30. Rd4 h5 31. Kf2 h4 32. a3
Ke5 33. b4 axb4 34. axb4 Kf5 35. b5 Be8 36. b6 Bc6 37. Rd6 Bb7 38. c5 {Normal}
1-0

[Event "Rated Blitz game"]
[Site "?"]
[Date "2021.10.10"]
[Round "?"]
[White "BigDadLol2003"]
[Black "lavilaine"]
[Result "1/2-1/2"]
[WhiteElo "2381"]
[BlackElo "2470"]
[PlyCount "87"]
[EventDate "2021.??.??"]
[EventType "blitz"]

1. e4 e5 2. Nf3 d5 3. Nxe5 Qe7 4. d4 f6 5. Nd3 dxe4 6. Nf4 Be6 7. c4 f5 8. Nc3
Nf6 9. Nxe6 Qxe6 10. Bf4 Bd6 11. d5 Qe7 12. Bxd6 cxd6 13. Qd4 Nbd7 14. Be2 O-O
15. O-O a5 16. f4 Rfc8 17. b3 Nc5 18. Nd1 Na6 19. Ne3 Nb4 20. Nxf5 Qd7 21. g4
Nc2 22. Qb6 Nxa1 23. Rxa1 Ra6 24. Qd4 a4 25. Re1 axb3 26. axb3 Ra2 27. Nh6+ Kh8
28. g5 Ne8 29. Bg4 Qc7 30. Bxc8 Qxc8 31. Qxe4 gxh6 32. Qxe8+ Qxe8 33. Rxe8+ Kg7
34. Re7+ Kg6 35. Rxb7 h5 36. h4 Kf5 37. Rf7+ Kg4 38. f5 Kf3 39. g6 Ra1+ 40. Kh2
Ra2+ 41. Kh3 Ra1 42. Kh2 Ra2+ 43. Kh3 Ra1 44. Kh2 {Normal} 1/2-1/2

[Event "Rated Blitz game"]
[Site "?"]
[Date "2021.10.10"]
[Round "?"]
[White "olegvital"]
[Black "lavilaine"]
[Result "0-1"]
[WhiteElo "2353"]
[BlackElo "2420"]
[PlyCount "52"]
[EventDate "2021.??.??"]
[EventType "blitz"]

1. e4 e5 2. Nf3 d5 3. exd5 e4 4. Ne5 Qxd5 5. d4 exd3 6. Nxd3 Nf6 7. Nc3 Qa5 8.
Bd2 Nc6 9. Qe2+ Be6 10. Nf4 O-O-O 11. Nxe6 fxe6 12. Qxe6+ Kb8 13. O-O-O Bb4 14.
Bc4 Rhe8 15. Qh3 Ne5 16. Bb3 Nfg4 17. Rhf1 Rd4 18. f3 Rxd2 19. Rxd2 Bxc3 20.
bxc3 Qxc3 21. Rdd1 Ne3 22. Kb1 N5c4 23. Bxc4 Nxc4 24. Rd3 Re1+ 25. Rxe1 Qxe1+
26. Rd1 Qxd1# {Normal} 0-1

[Event "Rated Blitz game"]
[Site "?"]
[Date "2021.10.10"]
[Round "?"]
[White "Fitschel"]
[Black "RCompany_1"]
[Result "0-1"]
[WhiteElo "2490"]
[BlackElo "2457"]
[PlyCount "28"]
[EventDate "2021.??.??"]
[EventType "blitz"]

1. e4 e5 2. Nf3 d5 3. Nxe5 Bd6 4. d4 dxe4 5. Nc4 Be7 6. Nc3 Nf6 7. Bg5 O-O 8.
Be2 Nc6 9. d5 Nxd5 10. Bxe7 Ndxe7 11. Qxd8 Rxd8 12. Nxe4 Bf5 13. Nc5 b6 14. Ne3
bxc5 {Normal} 0-1

[Event "Rated Blitz game"]
[Site "?"]
[Date "2021.10.10"]
[Round "?"]
[White "Doubleb17"]
[Black "Benny_Watts_2005"]
[Result "1-0"]
[WhiteElo "2560"]
[BlackElo "2399"]
[PlyCount "51"]
[EventDate "2021.??.??"]
[EventType "blitz"]

1. e4 e5 2. Nf3 d5 3. Nxe5 Bd6 4. d4 dxe4 5. Nc4 Nc6 6. Ne3 Nf6 7. c4 Nxd4 8.
Qxd4 Bb4+ 9. Bd2 Qxd4 10. Bxb4 Be6 11. Bc3 Qb6 12. Nd2 O-O-O 13. Be2 Rhe8 14.
O-O Nd7 15. b4 f5 16. c5 Qc6 17. a4 b6 18. Bb5 Qa8 19. c6 Nb8 20. a5 Nxc6 21.
axb6 cxb6 22. Ba6+ Kb8 23. b5 Rd3 24. Rfc1 f4 25. bxc6 fxe3 26. Be5+ {Normal}
1-0

[Event "Rated Blitz game"]
[Site "?"]
[Date "2021.10.10"]
[Round "?"]
[White "Freiheitskaempfer"]
[Black "Kiridima123"]
[Result "1-0"]
[WhiteElo "2444"]
[BlackElo "2422"]
[PlyCount "71"]
[EventDate "2021.??.??"]
[EventType "blitz"]

1. e4 e5 2. Nf3 d5 3. exd5 e4 4. Qe2 Nf6 5. d3 Be7 6. dxe4 O-O 7. Nc3 c6 8. Bf4
Bb4 9. O-O-O Bxc3 10. bxc3 Qa5 11. d6 Qxc3 12. Be5 Qa3+ 13. Bb2 Qxa2 14. e5 Nd5
15. Qc4 Qa5 16. Bd3 Be6 17. Qh4 h6 18. Nd4 Nd7 19. Qe4 g6 20. Nxe6 Rfe8 21. Nc7
Nc5 22. Qc4 Nxc7 23. dxc7 Na4 24. Bxg6 Rf8 25. Rd8 Nxb2 26. Kxb2 Qxc7 27. Rxa8
Rxa8 28. f4 Qb6+ 29. Kc1 Qe3+ 30. Kd1 Rd8+ 31. Bd3 Rd4 32. Qc3 Qxf4 33. Re1
Qg4+ 34. Kc1 Rf4 35. e6 fxe6 36. Qd2 {Time forfeit} 1-0

[Event "Rated Blitz game"]
[Site "?"]
[Date "2021.10.10"]
[Round "?"]
[White "khatkevich71"]
[Black "ALJUNDzKiE76"]
[Result "0-1"]
[WhiteElo "2478"]
[BlackElo "2360"]
[PlyCount "130"]
[EventDate "2021.??.??"]
[EventType "blitz"]

1. e4 e5 2. Nf3 d5 3. exd5 e4 4. Nd4 Qxd5 5. Nb3 Nc6 6. Nc3 Qe5 7. Be2 Bd6 8.
g3 Bh3 9. d4 exd3 10. Qxd3 Bf5 11. Qe3 Bxc2 12. Qxe5+ Nxe5 13. Nd4 Nd3+ 14. Kd2
Nxc1 15. Raxc1 Bg6 16. Bb5+ Kf8 17. Rhf1 Rd8 18. Rfe1 c5 19. Nf3 Bf4+ 20. Ke2
Bxc1 21. Rxc1 a6 22. Bc4 Nf6 23. Ne5 Re8 24. f4 Nd7 25. Kf2 Nxe5 26. fxe5 Rxe5
27. Rd1 Ke7 28. Nd5+ Kf8 29. Nc7 f6 30. Rd8+ Be8 31. Bd5 Re7 32. Nxe8 Rxe8 33.
Rd7 Re5 34. Bxb7 Ke8 35. Rxg7 Re7 36. Bc6+ Kf8 37. Rg4 Rg8 38. Ra4 Ra7 39. Bb5
Rg5 40. Bxa6 Rd5 41. Ke3 Re7+ 42. Kf4 Rd2 43. Bc4 Rxb2 44. Kf5 Kg7 45. Kg4 Rxh2
46. Ra6 Re4+ 47. Kf3 Rxc4 48. Ra7+ Kg6 49. Ra8 Rd2 50. Ke3 Kf7 51. Kxd2 Rd4+
52. Kc3 Rg4 53. Ra7+ Kg6 54. Rc7 Rxg3+ 55. Kc4 h5 56. Kxc5 h4 57. Rc8 h3 58.
Rh8 Kg5 59. a4 f5 60. a5 Ra3 61. a6 Kg4 62. a7 Rxa7 63. Rg8+ Rg7 64. Rxg7+ Kf3
65. Rh7 f4 {Time forfeit} 0-1

[Event "Rated Blitz tournament TyShw7M7"]
[Site "?"]
[Date "2021.10.10"]
[Round "?"]
[White "Bartsky2019"]
[Black "NDMUSPERM523"]
[Result "1-0"]
[WhiteElo "2410"]
[BlackElo "2254"]
[PlyCount "35"]
[EventDate "2021.??.??"]
[EventType "blitz"]

1. e4 e5 2. Nf3 d5 3. exd5 Qxd5 4. Nc3 Qe6 5. d3 Nc6 6. Be2 Bc5 7. O-O Bd7 8.
Ng5 Qg6 9. Bh5 Qf6 10. Nce4 Qe7 11. Bxf7+ Kf8 12. Bb3 Nh6 13. Nxc5 Qxc5 14. Ne4
Qe7 15. Bg5 Qe8 16. Bxh6 gxh6 17. Qf3+ Kg7 18. Qf6# {Normal} 1-0

[Event "Rated Blitz game"]
[Site "?"]
[Date "2021.10.10"]
[Round "?"]
[White "shuriks91"]
[Black "Fantastic_power06"]
[Result "0-1"]
[WhiteElo "2661"]
[BlackElo "2793"]
[PlyCount "64"]
[EventDate "2021.??.??"]
[EventType "blitz"]

1. e4 e5 2. Nf3 d5 3. d3 Nc6 4. Nbd2 Nf6 5. Be2 g5 6. h3 Rg8 7. c3 h5 8. b4 g4
9. hxg4 hxg4 10. Nh4 g3 11. fxg3 Ng4 12. Bxg4 Bxg4 13. Qa4 dxe4 14. Nxe4 Be7
15. Qc2 Qd5 16. Be3 O-O-O 17. Nf2 Bxh4 18. Rxh4 Qxg2 19. Rxg4 Rxg4 20. O-O-O
Rxg3 21. Qe2 Qf3 22. Re1 Qxe2 23. Rxe2 Rg2 24. Re1 Rdg8 25. Ne4 Rxa2 26. Kb1
Rgg2 27. Bc1 Rae2 28. Rh1 Rh2 29. Rg1 Reg2 30. Rf1 Nd8 31. Rf5 Rh1 32. Nf2 Rf1
{Normal} 0-1

[Event "Rated Blitz game"]
[Site "?"]
[Date "2021.10.10"]
[Round "?"]
[White "Chudinov_Rodion"]
[Black "jeruchess"]
[Result "1-0"]
[WhiteElo "2341"]
[BlackElo "2443"]
[PlyCount "139"]
[EventDate "2021.??.??"]
[EventType "blitz"]

1. e4 e5 2. Nf3 d5 3. exd5 e4 4. Qe2 Nf6 5. d3 Qxd5 6. Nc3 Bb4 7. Bd2 Bxc3 8.
Bxc3 O-O 9. dxe4 Nxe4 10. Rd1 Nxc3 11. Rxd5 Nxe2 12. Bxe2 Be6 13. Rd2 Nc6 14.
O-O Rfd8 15. Rfd1 Rxd2 16. Rxd2 h6 17. h3 a6 18. a3 Re8 19. Bd3 Bd5 20. b4 Bxf3
21. gxf3 Ne5 22. Kg2 Re6 23. Bf5 Rd6 24. Rxd6 cxd6 25. Be4 b6 26. a4 a5 27.
bxa5 bxa5 28. f4 Nc4 29. Bd5 Nb6 30. Bb3 Kf8 31. Kf3 Ke7 32. Ke4 g6 33. Kd4 Kf6
34. f3 g5 35. fxg5+ hxg5 36. Ke4 d5+ 37. Kd4 Kf5 38. Kc5 Nd7+ 39. Kd6 Nf6 40.
Bxd5 Kf4 41. c4 Ne8+ 42. Kd7 Nf6+ 43. Ke7 Nh5 44. c5 Ke5 45. c6 Ng7 46. c7 Nf5+
47. Kd7 Nd6 48. Bxf7 Nxf7 49. c8=Q Kf6 50. Qc6+ Kg7 51. Qe6 Nh6 52. Ke7 Ng8+
53. Ke8 Nh6 54. Qe7+ Kg6 55. Qd6+ Kh5 56. Qd5 Kg6 57. Qxa5 Ng8 58. Kf8 Nf6 59.
Qb6 Kf5 60. a5 Nd5 61. Ke8 Nf6+ 62. Qxf6+ Kxf6 63. a6 Kf5 64. a7 Kf4 65. a8=Q
Kg3 66. Qe4 Kxh3 67. Qg4+ Kh2 68. Qxg5 Kh1 69. f4 Kh2 70. f5 {Time forfeit} 1-0

[Event "Rated Blitz game"]
[Site "?"]
[Date "2021.10.10"]
[Round "?"]
[White "bingshan"]
[Black "cometomom"]
[Result "0-1"]
[WhiteElo "2394"]
[BlackElo "2447"]
[PlyCount "116"]
[EventDate "2021.??.??"]
[EventType "blitz"]

1. e4 e5 2. Nf3 d5 3. d4 dxe4 4. Nxe5 Bd6 5. Nc4 Nf6 6. Be2 O-O 7. Nc3 Nc6 8.
Bg5 Bf5 9. Ne3 Bg6 10. h4 h6 11. h5 Bh7 12. Bh4 Be7 13. d5 Ne5 14. Qd4 Ned7 15.
O-O-O Bc5 16. Qd2 Qe8 17. Bb5 Qe5 18. Bg3 Qg5 19. Rh4 Bxe3 20. Qxe3 Qxe3+ 21.
fxe3 Rac8 22. Bc4 Rfd8 23. Bf4 Nb6 24. Bb3 Bf5 25. g4 Bxg4 26. Rg1 Bxh5 27.
Bxh6 Bg6 28. d6 gxh6 29. Rxg6+ Kf8 30. Rxf6 Rxd6 31. Rxd6 cxd6 32. Rxh6 Ke7 33.
Nxe4 Rg8 34. Rh1 d5 35. Nc3 Kd6 36. Rd1 Rg5 37. Nxd5 Nxd5 38. e4 Kc7 39. Bxd5
Rg2 40. Rf1 Rg3 41. Rxf7+ Kb6 42. b3 Kc5 43. Kb2 Kd4 44. Rxb7 Ke5 45. Rxa7 Kd6
46. Ra6+ Kc5 47. Rc6+ Kd4 48. a4 Ke5 49. a5 Kd4 50. a6 Rg7 51. a7 Rxa7 52. Rc4+
Ke5 53. Rc3 Kd6 54. Rd3 Ke5 55. b4 Kf4 56. b5 Ke5 57. Kb3 Kf4 58. Kb4 Rb7 {
Time forfeit} 0-1

[Event "Rated Blitz game"]
[Site "?"]
[Date "2021.10.09"]
[Round "?"]
[White "Ivan_Morev"]
[Black "Kiridima123"]
[Result "0-1"]
[WhiteElo "2391"]
[BlackElo "2426"]
[PlyCount "52"]
[EventDate "2021.??.??"]
[EventType "blitz"]

1. e4 e5 2. Nf3 d5 3. Qe2 d4 4. Nxe5 Bd6 5. Nc4 Be7 6. d3 Nc6 7. g3 h5 8. h4
Bg4 9. f3 Be6 10. Bh3 Bxh3 11. Rxh3 Qd7 12. Rh2 O-O-O 13. Bf4 Nf6 14. Nbd2 Rhe8
15. Ne5 Nxe5 16. Bxe5 Qb5 17. Bxf6 Bxf6 18. Nc4 Re6 19. a4 Qe8 20. b3 g6 21. f4
Be7 22. Kf1 Bb4 23. Rf2 Qd7 24. Kg2 Ree8 25. f5 gxf5 26. Rxf5 Qxf5 {Normal} 0-1

[Event "Rated Blitz game"]
[Site "?"]
[Date "2021.10.09"]
[Round "?"]
[White "Peter0628"]
[Black "Rikoboy"]
[Result "1-0"]
[WhiteElo "2451"]
[BlackElo "2414"]
[PlyCount "105"]
[EventDate "2021.??.??"]
[EventType "blitz"]

1. e4 e5 2. Nf3 d5 3. Nxe5 Bd6 4. d4 dxe4 5. Bc4 Bxe5 6. dxe5 Qxd1+ 7. Kxd1 Nc6
8. Bf4 Nge7 9. Nc3 Bf5 10. Re1 O-O-O+ 11. Kc1 Ng6 12. Bg3 Ngxe5 13. Bb3 Rd4 14.
a4 Rhd8 15. Kb1 a6 16. a5 Bg6 17. Ra4 f5 18. Be6+ Kb8 19. Rxd4 Rxd4 20. Nd5 Rd2
21. f3 f4 22. Bxf4 Rxg2 23. fxe4 Nf3 24. Bxc7+ Ka8 25. Nb6+ Ka7 26. Rd1 Bxe4
27. Bb3 Nfd4 28. Nc8+ Ka8 29. Bb6 Kb8 30. Bxd4 Kxc8 31. Bb6 Rxh2 32. Re1 Rh4
33. Be6+ Kb8 34. Bd5 Rh1 35. Rxh1 Bxh1 36. Bxh1 Kc8 37. Bg2 Kd7 38. Bh3+ Kd6
39. Bc8 g5 40. Bxb7 h5 41. Bc8 g4 42. Bf2 Ke5 43. Bxa6 Nxa5 44. b4 Nc6 45. b5
Nb8 46. Bb7 Kf4 47. Ba7 Nd7 48. Bc6 Ne5 49. Bb8 Kf5 50. Bh1 Ke6 51. b6 Nd7 52.
Bc7 Nxb6 53. Bxb6 {Time forfeit} 1-0

[Event "Rated Blitz game"]
[Site "?"]
[Date "2021.10.09"]
[Round "?"]
[White "Sebetlela123"]
[Black "Benny_Watts_2005"]
[Result "1-0"]
[WhiteElo "2446"]
[BlackElo "2424"]
[PlyCount "97"]
[EventDate "2021.??.??"]
[EventType "blitz"]

1. e4 e5 2. Nf3 d5 3. d4 dxe4 4. Nxe5 Bd6 5. Nc4 Nc6 6. Nxd6+ Qxd6 7. c3 Nf6 8.
h3 Bd7 9. Bc4 O-O-O 10. O-O Nd5 11. b4 f5 12. Qb3 Nce7 13. Bg5 Nb6 14. Na3 h6
15. Bxe7 Qxe7 16. Nb5 a6 17. Na3 Ba4 18. Qb2 Nxc4 19. Nxc4 Bb5 20. Ne5 Bxf1 21.
Kxf1 Qe6 22. c4 g5 23. b5 a5 24. Qc3 Rhe8 25. Qxa5 c6 26. b6 Qd6 27. Nf7 Qxd4
28. Qa8+ Kd7 29. Qxb7+ Ke6 30. Nxd8+ Rxd8 31. Qxc6+ Rd6 32. Qc8+ Kf6 33. Qh8+
Ke7 34. Qxd4 Rxd4 35. b7 Rd8 36. Rb1 Rb8 37. a4 Kd6 38. a5 Kc6 39. a6 Kc7 40.
c5 f4 41. Ke2 h5 42. Rb6 g4 43. hxg4 hxg4 44. a7 Rxb7 45. a8=Q f3+ 46. gxf3
gxf3+ 47. Ke3 Rxb6 48. cxb6+ Kxb6 49. Qxe4 {Normal} 1-0

[Event "Rated Blitz game"]
[Site "?"]
[Date "2021.10.09"]
[Round "?"]
[White "EleKtRoMaGnIt"]
[Black "Erow"]
[Result "1-0"]
[WhiteElo "2864"]
[BlackElo "2768"]
[PlyCount "119"]
[EventDate "2021.??.??"]
[EventType "blitz"]

1. e4 e5 2. Nf3 d5 3. Nxe5 Bd6 4. d4 dxe4 5. Nc3 Bxe5 6. dxe5 Qxd1+ 7. Kxd1 Ne7
8. Nxe4 O-O 9. Bd3 Nbc6 10. f4 Bg4+ 11. Ke1 Nd5 12. a3 Rfe8 13. Kf2 Bf5 14. Re1
Rad8 15. Bd2 f6 16. Nc5 Bxd3 17. Nxd3 Nd4 18. Rac1 fxe5 19. fxe5 Rf8+ 20. Kg1
b6 21. Be3 Nxe3 22. Rxe3 c5 23. c3 Nb3 24. Rd1 c4 25. Nf2 Rxd1+ 26. Nxd1 Rd8
27. Nf2 Kf7 28. Ne4 Ke7 29. Nd6 b5 30. Nf5+ Kf7 31. e6+ Kf6 32. e7 Re8 33. Rf3
Nd2 34. Rf2 Ne4 35. Rf4 g5 36. Rxe4 Kxf5 37. Re2 Kf6 38. Kf2 Rxe7 39. Rxe7 Kxe7
40. Ke3 Ke6 41. Ke4 h5 42. Kd4 Kd6 43. a4 a6 44. a5 h4 45. g3 h3 46. g4 Kc6 47.
Ke5 Kc5 48. Kf5 b4 49. Kxg5 bxc3 50. bxc3 Kb5 51. Kf4 Ka4 52. g5 Kb3 53. g6
Kxc3 54. g7 Kb2 55. g8=Q c3 56. Qb8+ Kc1 57. Ke3 c2 58. Kd3 Kd1 59. Qb3 Ke1 60.
Qxc2 {Normal} 1-0